Economics for GCSE (Record no. 63415)

000 -LEADER
fixed length control field 00527nam a22001937a 4500
003 - CONTROL NUMBER IDENTIFIER
control field NUST - PNEC
005 - DATE AND TIME OF LATEST TRANSACTION
control field 20170116180812.0
008 - FIXED-LENGTH DATA ELEMENTS--GENERAL INFORMATION
fixed length control field 150506b xxu||||| |||| 00| 0 eng d
020 ## - INTERNATIONAL STANDARD BOOK NUMBER
International Standard Book Number 0003274202
040 ## - CATALOGING SOURCE
Transcribing agency LIBRARY
082 ## - DEWEY DECIMAL CLASSIFICATION NUMBER
Classification number 330 AND
100 ## - MAIN ENTRY--PERSONAL NAME
9 (RLIN) 3465
Personal name Anderton, Alain
245 ## - TITLE STATEMENT
Title Economics for GCSE
Statement of responsibility, etc. Alain Anderton
250 ## - EDITION STATEMENT
Edition statement 2nd ed
260 ## - PUBLICATION, DISTRIBUTION, ETC.
Place of publication, distribution, etc. Scotland
Name of publisher, distributor, etc. Collins Educational
Date of publication, distribution, etc. c1986.
300 ## - PHYSICAL DESCRIPTION
Extent 221 p. :
650 ## - SUBJECT ADDED ENTRY--TOPICAL TERM
9 (RLIN) 3466
Topical term or geographic name entry element Economics--Study and teaching (Secondary)
General subdivision General, MIS
942 ## - ADDED ENTRY ELEMENTS (KOHA)
Source of classification or shelving scheme
Koha item type Book
Holdings
Withdrawn status Lost status Source of classification or shelving scheme Damaged status Not for loan Permanent Location Current Location Shelving location Date acquired Source of acquisition Cost, normal purchase price Total Checkouts Full call number Barcode Date last seen Cost, replacement price Price effective from Koha item type
          Pakistan Navy Engineering College (PNEC) Pakistan Navy Engineering College (PNEC)   10/22/1996 MS Kashif Book Stall 270.00   330 AND PNECLIB-019022 05/06/2015 270.00 10/22/1996 Book
© 2023 Central Library, National University of Sciences and Technology. All Rights Reserved.